01962nam a2200481 i 450000100060000000300080000600500170001400600190003100700150005000800410006502000180010602000270012403500230015103500240017403500250019803500210022304000310024405000230027508000200029808200180031810000300033624502500036626400370061630000410065333600310069433700330072533800430075849000360080150400290083758801240086659001640099065000480115465000260120265000150122865000190124365100140126265500270127670000420130379700190134583000370136485600620140199900170146340596FlNmELB20241216221907.0m o d | cr cnu||||||||150711s2013 sp ob 000 0 spa d a9788429017236 a9781512901535 (e book) a(MiAaPQ)EBC3428792 a(Au-PeEL)EBL3428792 a(CaPaEBR)ebr11059252 a(OCoLC)949135153 aFINmELBbspaerdacFINmELB 4aKKT3062bC419 2013 a351.777.81(460)0 a346.460452231 aCervera Pascual, Guillem.13aLa renovación urbana y su régimen jurídico :bcon especial referencia a la ley de economía sostenible, Ley 2/2011 de 4 de marzo, y el Real Decreto Ley 8/2011, de 1 de julio /cGuillem Cervera Pascual ; prólogo de Martín Bassols Coma. 1aMadrid :bEditorial Reus,c2013. a1 recurso en línea (494 páginas) atextobtxt2rdacontent/spa acomputadorabc2rdamedia/spa arecurso en líneabcr2rdacarrier/spa1 aColección Urbanismo y derecho aContiene bibliografía. aDescripción basada en recurso en línea; Título de la página del título en PDF (e-libro, visto July 11, 2015). aRecurso electrónico. Santa Fe, Arg.: e-libro, 2015. Disponible vía World Wide Web. El acceso puede estar limitado para las bibliotecas afiliadas a e-libro. 0aCity planning and redevelopment lawzSpain. 0aUrban renewalzSpain. 4aUrbanismo. 4aLegislación. 4aEspaña. 4aLibros electrónicos.1 aBassols Coma, Martín,eprologuista.2 ae-libro, Corp. 0aColección Urbanismo y derecho.40uhttps://elibro.net/ereader/politecnicointernacional/46513 c40596d40596